| 000 | 004460000a22001570004500 | ||
|---|---|---|---|
| 090 |
_aAR _b03687 |
||
| 245 | 1 | 0 | _aBiotechnology and biochemical weapons |
| 500 | _a<Colección Recursos Genéticos> | ||
| 650 | 1 | 4 |
_aRevolución farmacológica _997439 |
| 650 | 1 | 4 |
_aGenética _992806 |
| 650 | 1 | 4 |
_aBioquímica _993680 |
| 041 | 0 | _aInglés | |
| 100 | 1 |
_aWheelis, Mark _997440 |
|
| 942 | _cARTICULO | ||
| 773 | 1 |
_tNonproliferation Review _h1 _q48-53 _d202 _g9 |
|
| 999 |
_c12734 _d12734 |
||